000 00493nam a2200193Ia 4500
005 20240823043919.0
008 240823s9999||||xx |||||||||||||| ||und||
020 _a81-219-2594-0
041 _aENGLISH
082 _A620.11 P3
100 _aRajput R K
245 0 _aStrength of Materials ( Mechanics of Solids)
250 _a3rd
260 _c2003
_bS chand New D
_aNew Delhi
500 _aTRANSFERED
650 _aMaterials
_bAeronautical Engineering
942 _cBK
999 _c211334
_d211334